| 000 | 01320cam a2200361 a 4500 | ||
|---|---|---|---|
| 999 |
_c233017 _d233017 |
||
| 001 | 12306127 | ||
| 003 | Nust | ||
| 005 | 20170228090634.0 | ||
| 008 | 000425s2000 enk e 000 1 eng | ||
| 010 | _a 2001326611 | ||
| 020 | _a9780099474319 | ||
| 035 | _a(UkLWHE)b000062904 | ||
| 040 |
_aDLC _cDLC _dDLC |
||
| 043 | _ae-ie--- | ||
| 050 | 0 | 0 |
_aPR6111.E345 _bT87 2000 |
| 082 | 0 | 0 |
_a823.914 _bKEE |
| 100 | 1 |
_aKeenan, Brian, _d1950- |
|
| 245 | 1 | 0 |
_aTurlough / _cBrian Keenan. |
| 260 |
_aLondon : _bJonathan Cape, _c2000. |
||
| 300 |
_a332 p. ; _c24 cm. |
||
| 600 | 1 | 0 |
_aCarolan, Turlough, _d1670-1738 _vFiction. |
| 650 | 0 |
_aHarpists _vFiction. |
|
| 650 | 0 |
_aBlind _vFiction. |
|
| 651 | 0 |
_aIreland _vFiction. |
|
| 655 | 7 |
_aBiographical fiction. _2gsafd |
|
| 655 | 7 |
_aMusical fiction. _2lcsh |
|
| 856 | 4 | 2 |
_3Contributor biographical information _uhttp://www.loc.gov/catdir/bios/random053/2001326611.html |
| 856 | 4 | 2 |
_3Publisher description _uhttp://www.loc.gov/catdir/description/random045/2001326611.html |
| 906 |
_a7 _bcbc _corigres _d3 _encip _f20 _gy-gencatlg |
||
| 942 |
_2ddc _cBK |
||